000 00516nam a22001812 4500
001 0000002469
005 20170406114242.0
008 140313s xx 000 0 eng d
020 _c$
040 _aYour Holding Symbol
_cYour Holding Symbol
100 1 _aLander,Gerald H.
245 1 0 _aProfile of the management accountant.
250 _a ed.
260 _aNew york :
_bNational associaion of accountants,
_c1983.
300 _a127 p. ;
_c cm.
650 0 _aaccounting.
908 _a140313
999 _c2359
_d2359